Aplikácia technológie Blockchain v Internete vecí (Internet of Things)

Salvato in:
Dettagli Bibliografici
Autore principale: Benczy, Matúš (Autore)
Altri autori: Csóka, Filip (Relatore della tesi)
Natura: Manoscritto Libro
Lingua:slovacco
Pubblicazione: 2019
Soggetti:
Accesso online:http://is.stuba.sk/zp/portal_zp.pl?podrobnosti=135886
Tags: Aggiungi Tag
Nessun Tag, puoi essere il primo ad aggiungerne!!

MARC

LEADER 00000ntm a22000003a 4500
001 stuzp71632
003 SK-STU
005 20190719090727.5
007 ta
008 150427s2015----xo-----f-mn---000-0-slo-d
040 |a STU  |b slo 
041 0 |a slo 
044 |a xo 
100 1 |a Benczy, Matúš  |u 037000  |4 aut  |U FEI Fakulta elektrotechniky a informatiky  |T FEI Ústav multimediálnych informačných a komunikačných technológií  |X 86867  |U E070  |Y 818  |7 86867 
242 0 1 |a Application of Blockchain technology in IoT (Internet of Things)  |y eng 
245 1 0 |a Aplikácia technológie Blockchain v Internete vecí (Internet of Things) 
260 |c 2019 
300 |a 35 s. 
650 4 |a Secure Code Deployment  |2 slo 
650 4 |a Blockchain  |2 slo 
650 4 |a Internet vecí  |2 slo 
650 4 |a Blockchain  |2 eng 
650 4 |a Internet of Things  |2 eng 
650 4 |a Secure Code Deployment  |2 eng 
700 1 |a Csóka, Filip  |u 037000  |k Z3  |4 ths  |U FEI Fakulta elektrotechniky a informatiky  |T FEI Ústav multimediálnych informačných a komunikačných technológií  |X 8591  |U E070  |Y 818  |7 A000008591 
856 4 |u http://is.stuba.sk/zp/portal_zp.pl?podrobnosti=135886 
996 |b 284ER02894  |c E*Bc- 2894  |l EE37  |s P  |a 0  |w stuzp71632_0001